| 000 -LEADER |
| fixed length control field |
02969cam a22005175i 4500 |
| 001 - CONTROL NUMBER |
| control field |
23743549 |
| 003 - CONTROL NUMBER IDENTIFIER |
| control field |
OSt |
| 005 - DATE AND TIME OF LATEST TRANSACTION |
| control field |
20251027104546.0 |
| 008 - FIXED-LENGTH DATA ELEMENTS--GENERAL INFORMATION |
| fixed length control field |
240622s2024 nyu 000 0aeng d |
| 010 ## - LIBRARY OF CONGRESS CONTROL NUMBER |
| LC control number |
2024941064 |
| 020 ## - INTERNATIONAL STANDARD BOOK NUMBER |
| International Standard Book Number |
9781526663658 |
| 035 ## - SYSTEM CONTROL NUMBER |
| System control number |
23743549 |
| 035 ## - SYSTEM CONTROL NUMBER |
| System control number |
(OCoLC)1394973045 |
| 040 ## - CATALOGING SOURCE |
| Original cataloging agency |
YDX |
| Language of cataloging |
eng |
| Description conventions |
rda |
| Transcribing agency |
YDX |
| Modifying agency |
BDX |
| -- |
MWD |
| -- |
OCLCO |
| -- |
HBP |
| -- |
UAP |
| -- |
OCLCO |
| -- |
IKG |
| -- |
OQX |
| -- |
JOZ |
| -- |
VP@ |
| -- |
YEQ |
| -- |
OCLCO |
| -- |
DLC |
| -- |
KH8 |
| 041 1# - LANGUAGE CODE |
| Language code of text/sound track or separate title |
eng |
| Language code of original |
kor |
| 042 ## - AUTHENTICATION CODE |
| Authentication code |
lccopycat |
| 082 04 - DEWEY DECIMAL CLASSIFICATION NUMBER |
| Classification number |
616.89 SEH |
| 100 1# - MAIN ENTRY--PERSONAL NAME |
| Personal name |
Paek, Se-hŭi, |
| Dates associated with a name |
1990- |
| Relator term |
author. |
| 245 10 - TITLE STATEMENT |
| Title |
I want to die but I still want to eat tteokbokki : |
| Remainder of title |
further conversations with my psychiatrist / |
| Statement of responsibility, etc. |
Baek Sehee ; translated by Anton Hur. |
| 264 #1 - PRODUCTION, PUBLICATION, DISTRIBUTION, MANUFACTURE, AND COPYRIGHT NOTICE |
| Place of production, publication, distribution, manufacture |
New York, NY : |
| Name of producer, publisher, distributor, manufacturer |
Bloomsbury, |
| Date of production, publication, distribution, manufacture, or copyright notice |
2024. |
| 300 ## - PHYSICAL DESCRIPTION |
| Extent |
xiv, 204 pages ; |
| Dimensions |
22 cm |
| 336 ## - CONTENT TYPE |
| Content type term |
text |
| Content type code |
txt |
| Source |
rdacontent |
| 337 ## - MEDIA TYPE |
| Media type term |
unmediated |
| Media type code |
n |
| Source |
rdamedia |
| 338 ## - CARRIER TYPE |
| Carrier type term |
volume |
| Carrier type code |
nc |
| Source |
rdacarrier |
| 500 ## - GENERAL NOTE |
| General note |
"Original Korean edition published by Heun Publishing"--Title page verso. |
| 505 0# - FORMATTED CONTENTS NOTE |
| Formatted contents note |
A note on the content -- To the readers of the English translation -- Prologue -- What's wrong with wanting to be loved? -- Thinness: The pressure I can't escape -- Seeing myself through the eyes of others -- I needed a wound I could see -- Because I fear both living and dying -- That someone wishes for my safety -- The anniversary -- Widen that middle ground within me -- It's not like other people have lived my life -- Being myself whether in honesty of hypocrisy -- Do I have gumption or not? -- Flexible thinking and the courage to rest -- To see the parts of me that shine -- Because life goes on -- Afterword. |
| 520 ## - SUMMARY, ETC. |
| Summary, etc. |
"In this frank sequel to I Want to Die but I Want to Eat Tteokbokki, Sehee continues to document her treatment for depression and anxiety. Organized into 14 essays, each themed after one of Sehee's insecurities and framed by recorded conversations between the author and her psychiatrist, this memoir digs deeper than its predecessor."-- |
| Assigning source |
Publisher description. |
| 600 10 - SUBJECT ADDED ENTRY--PERSONAL NAME |
| Personal name |
Paek, Se-hŭi, |
| Dates associated with a name |
1990- |
| General subdivision |
Mental health. |
| 600 10 - SUBJECT ADDED ENTRY--PERSONAL NAME |
| Personal name |
Paek, Se-hŭi, |
| Dates associated with a name |
1990- |
| General subdivision |
Psychology. |
| 650 #0 - SUBJECT ADDED ENTRY--TOPICAL TERM |
| Topical term or geographic name entry element |
Depressed persons |
| Form subdivision |
Anecdotes. |
| 650 #0 - SUBJECT ADDED ENTRY--TOPICAL TERM |
| Topical term or geographic name entry element |
Depression, Mental |
| General subdivision |
Treatment. |
| 650 #0 - SUBJECT ADDED ENTRY--TOPICAL TERM |
| Topical term or geographic name entry element |
Depressed persons |
| Geographic subdivision |
Korea (South) |
| Form subdivision |
Biography. |
| 650 #0 - SUBJECT ADDED ENTRY--TOPICAL TERM |
| Topical term or geographic name entry element |
Depression, Mental |
| Geographic subdivision |
Korea (South) |
| Form subdivision |
Biography. |
| 650 #0 - SUBJECT ADDED ENTRY--TOPICAL TERM |
| Topical term or geographic name entry element |
Psychotherapy patients |
| Geographic subdivision |
Korea (South) |
| Form subdivision |
Biography. |
| 650 #0 - SUBJECT ADDED ENTRY--TOPICAL TERM |
| Topical term or geographic name entry element |
Mental health counseling |
| Geographic subdivision |
Korea (South) |
| 650 #7 - SUBJECT ADDED ENTRY--TOPICAL TERM |
| Topical term or geographic name entry element |
Depressed persons |
| Form subdivision |
Biography. |
| Source of heading or term |
sears |
| 650 #7 - SUBJECT ADDED ENTRY--TOPICAL TERM |
| Topical term or geographic name entry element |
Depression (Psychology) |
| Form subdivision |
Biography. |
| Source of heading or term |
sears |
| 650 #7 - SUBJECT ADDED ENTRY--TOPICAL TERM |
| Topical term or geographic name entry element |
Psychotherapy patients |
| Form subdivision |
Biography. |
| Source of heading or term |
sears |
| 651 #7 - SUBJECT ADDED ENTRY--GEOGRAPHIC NAME |
| Geographic name |
Korea (South) |
| Source of heading or term |
fast |
| Real World Object URI |
https://id.oclc.org/worldcat/entity/E39QbtfRg3kwbTgW8wMXD4yWrY |
| 655 #2 - INDEX TERM--GENRE/FORM |
| Genre/form data or focus term |
Autobiography |
| 655 #7 - INDEX TERM--GENRE/FORM |
| Genre/form data or focus term |
Autobiographies. |
| Source of term |
lcgft |
| 655 #7 - INDEX TERM--GENRE/FORM |
| Genre/form data or focus term |
Autobiographies. |
| Source of term |
rvmgf |
| 655 #7 - INDEX TERM--GENRE/FORM |
| Genre/form data or focus term |
Anecdotes. |
| Source of term |
lcgft |
| Authority record control number or standard number |
https://id.loc.gov/authorities/genreForms/gf2014026044 |
| 700 1# - ADDED ENTRY--PERSONAL NAME |
| Personal name |
Hur, Anton, |
| Relator term |
translator. |
| 942 ## - ADDED ENTRY ELEMENTS (KOHA) |
| Source of classification or shelving scheme |
|
| Koha item type |
Books - Non Ficton |